000 00594nam a2200217Ia 4500
003 OSt
005 20230626090759.0
008 210423s9999 xx 000 0 und d
020 _a9788174829030
040 _cAL
041 _aeng
082 _a658.02 KOLL
100 _aKOLI (L N);KOLI (Prem)
_9124812
245 _aUpkars UGC NET/JRF/SET management: paper second
260 _aAgra
_bUpkar prakashan
_c2011
300 _aviii,703
_bPB
365 _b425
_cINR
650 _aManagement
_9124813
906 _amanagement: ; NET/JRF/SET ; paper ; second ; UGC ; Upkars
942 _2ddc
_cBK
999 _c160180
_d160180